000 01574nam a22005177a 4500
001 5122094
003 LIBRIS
005 20210426122431.0
008 011211s1996 xxu 000 0 eng c
020 _a0679446400
035 _a(Bo)240879
035 _a(Mo)b1009828
040 _aNob
_beng
_cDLC
041 _aeng
080 _a821.111
_bU-67
082 0 4 _a813
_222 (machine generated)
082 1 4 _a813/.54
_220
084 _aHeq.01
_2kssb/6
084 _aHeq.01
_2kssb/6
084 _aHeq.01
_2kssb/6
084 _aHe.01
_2kssb/8
084 _aHeq.01
_2kssb/6
100 1 _aUpdike, John.
_098399
245 0 0 _aIn the beauty of the lilies :
_ba novel /
_c/ by: Alfred A. Knopf
260 _aNew York
_bAlfred A. Knopf
_c1996
300 _a491 p.
500 _5Mo
_aOriginalupplaga
546 _aengelska
650 0 _9254
_aEnglish literature
653 _aინგლისური ლიტერატურა
655 4 _5Mo
_aBok
942 _2udc
_cBK
999 _c1133
_d1133